Retrato del artista cachorro
Wedi'i Gadw mewn:
| Prif Awdur: | |
|---|---|
| Fformat: | Llyfr |
| Iaith: | Sbaeneg |
| Cyhoeddwyd: |
Buenos Aires
Compañía General Fabril Editora
1962
|
| Rhifyn: | 2a. ed |
| Pynciau: | |
| Tagiau: |
Ychwanegu Tag
Dim Tagiau, Byddwch y cyntaf i dagio'r cofnod hwn!
|
MARC
| LEADER | 00000cam a2200000 a 4500 | ||
|---|---|---|---|
| 001 | UCE2437 | ||
| 003 | CL-VaPUC | ||
| 008 | 140703e19620200ag |||||||||||||||||spa|d | ||
| 082 | 0 | 4 | |a 823 |b THO |2 21 |
| 100 | 0 | |a Thomas, Dylan |e author |9 574887 | |
| 245 | 1 | 0 | |a Retrato del artista cachorro |
| 250 | |a 2a. ed | ||
| 300 | |a 209 p | ||
| 942 | |c BK | ||
| 945 | |d 20140703 14:09:00 |a dcastane | ||
| 260 | |a Buenos Aires |b Compañía General Fabril Editora |c 1962 | ||
| 650 | 0 | |a Novelas inglesas |9 265220 | |
| 650 | 0 | |a Literatura inglesa |9 312907 | |
| 583 | |a last modification |c 20140703 14:09:00 |k Rodrigo Vera | ||
| 999 | |c 356038 |d 356036 | ||
| 952 | |0 0 |1 0 |3 erd |4 0 |6 823_000000000000000_THO_1962 |7 0 |8 A |9 463112 |a BIBEDU |b BIBEDU |i 5048001 |o 823 THO 1962 |p 5048001 |r 2019-11-23 |w 2019-11-23 |y BK |z Catalogado en:20140703 |k LIT | ||